| 000 | 00443nam a2200157 i 4500 | ||
|---|---|---|---|
| 001 | 57528 | ||
| 003 | ES-MaACL | ||
| 005 | 20230906163609.0 | ||
| 007 | t| | ||
| 008 | 031016s1958 sp ||||1| spa d | ||
| 100 | 1 |
_aDomínguez, Juan Manuel. _945167 |
|
| 245 | 1 | 0 |
_aAscuas latentes _b: (poesias) / _cJuan Manuel Domínguez. |
| 260 |
_aMálaga : _b[s.n., _c1958] ( _fDardo) |
||
| 300 |
_a93 p. ; _c19 cm. |
||
| 852 |
_aES-MaACL _jC-14894 _bR.42396 |
||
| 999 |
_c57528 _d57528 |
||